The atlas of heart disease and stroke / (Record no. 8133)

MARC details
000 -LEADER
fixed length control field 02006cam a22005177a 4500
001 - CONTROL NUMBER
control field 14014598
003 - CONTROL NUMBER IDENTIFIER
control field OSt
005 - DATE AND TIME OF LATEST TRANSACTION
control field 20230412103806.0
008 - FIXED-LENGTH DATA ELEMENTS--GENERAL INFORMATION
fixed length control field 050624s2004 sz ab b i001 0 eng d
010 ## - LIBRARY OF CONGRESS CONTROL NUMBER
LC control number 2005421734
015 ## - NATIONAL BIBLIOGRAPHY NUMBER
National bibliography number GBA503429
Source bnb
016 7# - NATIONAL BIBLIOGRAPHIC AGENCY CONTROL NUMBER
Record control number 013035793
Source Uk
020 ## - INTERNATIONAL STANDARD BOOK NUMBER
Canceled/invalid ISBN 9241562768
035 ## - SYSTEM CONTROL NUMBER
System control number (OCoLC)ocm56760964
040 ## - CATALOGING SOURCE
Original cataloging agency OS2
Transcribing agency OS2
Modifying agency COU
-- OCLCQ
-- BOS
-- CUS
-- UKM
-- MUQ
-- OCL
-- DLC
042 ## - AUTHENTICATION CODE
Authentication code lccopycat
050 00 - LIBRARY OF CONGRESS CALL NUMBER
Classification number RC683
Item number .M23 2004
082 04 - DEWEY DECIMAL CLASSIFICATION NUMBER
Classification number WG 210M34a 2004.
Edition number 22
100 1# - MAIN ENTRY--PERSONAL NAME
Personal name Mackay, Judith.
9 (RLIN) 16610
245 14 - TITLE STATEMENT
Title The atlas of heart disease and stroke /
Statement of responsibility, etc. Judith McKay and George A. Mensah with Shanthi Mendis and Kurt Greenlund.
260 ## - PUBLICATION, DISTRIBUTION, ETC. (IMPRINT)
Place of publication, distribution, etc. Geneva :
Name of publisher, distributor, etc. World Health Organization,
Date of publication, distribution, etc. [2004]
300 ## - PHYSICAL DESCRIPTION
Extent 112 p. :
Other physical details col. ill., col. maps ;
Dimensions 25 cm.
504 ## - BIBLIOGRAPHY, ETC. NOTE
Bibliography, etc Includes bibliographical references and index.
530 ## - ADDITIONAL PHYSICAL FORM AVAILABLE NOTE
Additional physical form available note Also available via the World Wide Web.
650 #0 - SUBJECT ADDED ENTRY--TOPICAL TERM
Topical term or geographic name as entry element Heart
General subdivision Diseases
Form subdivision Atlases.
9 (RLIN) 16611
650 #0 - SUBJECT ADDED ENTRY--TOPICAL TERM
Topical term or geographic name as entry element Cerebrovascular disease
Form subdivision Atlases.
9 (RLIN) 16612
650 #0 - SUBJECT ADDED ENTRY--TOPICAL TERM
Topical term or geographic name as entry element Cardiology
Form subdivision Atlases.
9 (RLIN) 16613
650 12 - SUBJECT ADDED ENTRY--TOPICAL TERM
Topical term or geographic name as entry element Heart Diseases
Form subdivision Atlases.
9 (RLIN) 16614
650 12 - SUBJECT ADDED ENTRY--TOPICAL TERM
Topical term or geographic name as entry element Heart Diseases
General subdivision epidemiology
Form subdivision Atlases.
9 (RLIN) 16615
650 #2 - SUBJECT ADDED ENTRY--TOPICAL TERM
Topical term or geographic name as entry element Cerebrovascular Accident
Form subdivision Atlases.
9 (RLIN) 16616
650 12 - SUBJECT ADDED ENTRY--TOPICAL TERM
Topical term or geographic name as entry element Cerebrovascular Accident
General subdivision epidemiology
Form subdivision Atlases.
9 (RLIN) 16617
650 22 - SUBJECT ADDED ENTRY--TOPICAL TERM
Topical term or geographic name as entry element Risk Factors.
9 (RLIN) 3037
650 22 - SUBJECT ADDED ENTRY--TOPICAL TERM
Topical term or geographic name as entry element World Health.
9 (RLIN) 9973
650 22 - SUBJECT ADDED ENTRY--TOPICAL TERM
Topical term or geographic name as entry element Health Promotion.
9 (RLIN) 2077
650 #6 - SUBJECT ADDED ENTRY--TOPICAL TERM
Topical term or geographic name as entry element Cœur
General subdivision Maladies
Form subdivision Atlas.
9 (RLIN) 16618
650 #6 - SUBJECT ADDED ENTRY--TOPICAL TERM
Topical term or geographic name as entry element Accidents vasculaires cérébraux
Form subdivision Atlas.
9 (RLIN) 16619
650 #6 - SUBJECT ADDED ENTRY--TOPICAL TERM
Topical term or geographic name as entry element Cardiologie
Form subdivision Atlas.
9 (RLIN) 16620
700 1# - ADDED ENTRY--PERSONAL NAME
Personal name Mensah, George A.
9 (RLIN) 16621
700 1# - ADDED ENTRY--PERSONAL NAME
Personal name Mendis, Shanthi.
9 (RLIN) 16622
700 1# - ADDED ENTRY--PERSONAL NAME
Personal name Greenlund, Kurt.
9 (RLIN) 16623
710 2# - ADDED ENTRY--CORPORATE NAME
Corporate name or jurisdiction name as entry element World Health Organization.
9 (RLIN) 1808
856 41 - ELECTRONIC LOCATION AND ACCESS
Uniform Resource Identifier http://www.who.int/cardiovascular%5Fdiseases/resources/atlas/en/
Public note Connect to free full text online.
906 ## - LOCAL DATA ELEMENT F, LDF (RLIN)
a 7
b cbc
c copycat
d 2
e ncip
f 20
g y-gencatlg
942 ## - ADDED ENTRY ELEMENTS (KOHA)
Source of classification or shelving scheme Other/Generic Classification Scheme
Koha item type Open Shelf
Holdings
Withdrawn status Lost status Source of classification or shelving scheme Damaged status Not for loan Home library Current library Date acquired Source of acquisition Inventory number Total Checkouts Full call number Barcode Date last seen Price effective from Koha item type
    Other/Generic Classification Scheme     MUST Main Library MUST Main Library 12/04/2023 Purchase 04/23038   WG 210M34a 2004. 2023-0460 12/04/2023 12/04/2023 Open Shelf